Culture Générale - Série 172 - Statistiques

Statistiques générales
  • Ce quiz a été pris 325 fois
  • Le résultat moyen est 6 sur 10
Statistiques - réponses
Question Réponse % Correct
Dans quel pays se trouve aujourd'hui la Saxe ? Allemagne
87%
Avec le lait de quel animal le pélardon est-il fabriqué ? Chèvre
84%
De quel instrument joue le musicien qui noie les rats de Hamelin ? De la flûte
75%
Quel nom porte un nombre qui n'est divisible que par 1 et lui-même ? Nombre premier
72%
Quelle unité de mesure équivaut à 9 461 milliards de kilomètres ? Année-lumière
70%
Quelle race de chiens à poil ras tient son nom d'une ville mexicaine ? Chihuahua
69%
Dans la mythologie, qui est à la fois le père et le frère d'Antigone ? Oedipe
39%
En 2006, au cinéma, quel comédien se transforme en "Madame Irma" ? Didier Bourdon
38%
En 2001, quelle "Spice Girl" cartonne en reprenant "It's Raining Men" ? Geri Halliwell
28%
A quel poète du XVe siècle doit-on la "Ballade des dames du temps jadis" ? François Villon
23%
Aucun quiz correspondant
Distribution des résultats
% des personnes avec chaque résultat
Percentile par nombre de réponses
Votre historique - résultats
Vous n’avez pas pris ce quiz